[Event "Chigorin Memorial Open"]
[Site "St Petersburg RUS"]
[Date "2011.10.20"]
[Round "7.73"]
[White "Duzhakov, Ilya"]
[Black "Ezov, Roman"]
[Result "1-0"]
[WhiteTitle "FM"]
[WhiteElo "2325"]
[BlackElo "2170"]
[WhiteFideId "4192516"]
[BlackFideId "4502078"]
[EventDate "2011.10.14"]

1. e4 c5 2. Nf3 e6 3. b3 Nc6 4. Bb2 d6 5. d4 cxd4 6. Nxd4 Nf6 7. Nxc6 bxc6 8. e5
Ne4 9. exd6 Qa5+ 10. c3 Qe5 11. Qe2 Bxd6 12. f3 Nf6 13. Nd2 O-O 14. O-O-O Qxe2
15. Bxe2 e5 16. Nc4 Bc7 17. Ba3 Re8 18. Bd6 Nd5 19. Bxc7 Nxc7 20. Nd6 Rd8 21.
Nb5 Nd5 22. Nc7 Bf5 23. Nxa8 Rxa8 24. Bd3 Be6 25. Kb2 Ne3 26. Rd2 f5 27. c4 Kf7
28. g3 g5 29. Re1 f4 30. Bxh7 Bxc4 31. gxf4 exf4 32. bxc4 Nxc4+ 33. Kc3 Nxd2 34.
Kxd2 Rh8 35. Be4 Rxh2+ 36. Re2 Rh6 37. Kc3 Re6 38. Bd3 Rd6 39. Re5 1-0

[Event "Chigorin Memorial Open"]
[Site "St Petersburg RUS"]
[Date "2011.10.20"]
[Round "7.74"]
[White "Solovyov, Viktor"]
[Black "Kalinin, Nikita"]
[Result "1/2-1/2"]
[WhiteElo "2312"]
[BlackElo "2102"]
[WhiteFideId "4102754"]
[BlackFideId "24155390"]
[EventDate "2011.10.14"]

1. Nf3 d5 2. d4 Nf6 3. c4 c6 4. Qc2 dxc4 5. Qxc4 Bf5 6. g3 e6 7. Bg2 Be7 8. O-O
Nbd7 9. Qb3 Nb6 10. Nc3 O-O 11. Bg5 Ne4 12. Bxe7 Qxe7 13. Rfd1 Nxc3 14. bxc3 Be4
15. Nd2 Bxg2 16. Kxg2 c5 17. Ne4 cxd4 18. cxd4 Nd5 19. a4 Rfc8 20. Rdc1 Rc7 21.
Nc3 Rd8 22. e3 h6 23. Nb5 Rxc1 24. Rxc1 a6 25. Nc3 Nb4 26. Qc4 Rd7 27. Rb1 Rc7
28. Qb3 a5 29. Na2 Na6 30. Nc3 Nb4 31. Na2 Na6 32. Nc1 Nb4 33. Nd3 Nd5 34. Rb2
Qd7 35. Ne5 Qd6 36. Qb5 b6 37. Nc4 Qc6 38. Qxc6 Rxc6 39. Ne5 Rd6 40. Rc2 Kf8 41.
Kf3 f6 42. Rc8+ Ke7 43. Nc4 Rd8 44. Rxd8 Kxd8 45. e4 Nc3 46. Nxb6 Kc7 47. Nc4
Nxa4 48. Nxa5 Nc3 49. Ke3 Nd1+ 50. Ke2 Nb2 51. Nb3 Kd6 52. Nc1 g5 53. Nd3 Nc4
54. Nb4 Nb2 55. Nc2 Kc6 56. Ne3 Kd6 57. Kd2 Na4 58. Kd3 h5 59. Nc4+ Kc6 60. f3
Kd7 61. Kc2 Kc6 62. Kd3 Kd7 63. f4 gxf4 64. gxf4 Kc6 65. h4 f5 66. exf5 exf5 67.
Ne3 Nb2+ 68. Kc2 Na4 69. Kb3 Nb6 70. Kc3 Na4+ 71. Kc2 Kd6 72. Nc4+ Kd5 73. Kd3
Ke6 74. Ne3 Nb6 75. Kc3 Na4+ 76. Kb3 Nb6 77. Kb4 Nd5+ 78. Nxd5 Kxd5 79. Kc3 Ke4
80. Kc4 Kxf4 81. d5 Kg3 82. d6 f4 83. d7 f3 84. d8=Q f2 85. Qd1 Kg2 86. Kd4 f1=Q
87. Qxf1+ Kxf1 88. Ke4 Ke2 89. Ke5 Ke3 90. Kf5 Kf3 91. Kg5 Ke4 92. Kxh5 Kf5 93.
Kh6 Kf6 94. Kh7 Kf7 95. h5 Kf8 96. Kg6 Kg8 97. h6 Kh8 1/2-1/2

[Event "Chigorin Memorial Open"]
[Site "St Petersburg RUS"]
[Date "2011.10.20"]
[Round "7.75"]
[White "Chigaev, Maksim"]
[Black "Ershov, Valentin"]
[Result "1-0"]
[WhiteElo "2289"]
[BlackElo "2031"]
[WhiteFideId "4108116"]
[BlackFideId "24166430"]
[EventDate "2011.10.14"]

1. e4 c6 2. d4 d5 3. exd5 cxd5 4. c4 Nf6 5. Nc3 Nc6 6. Bg5 e6 7. Nf3 Be7 8. Bd3
dxc4 9. Bxc4 O-O 10. O-O b6 11. a3 Bb7 12. Bd3 h6 13. Bh4 Nh5 14. Bxe7 Nxe7 15.
Bc2 Nf6 16. Ne5 Ned5 17. Re1 Nxc3 18. bxc3 Qd5 19. f3 Rfd8 20. Qd3 Rac8 21. Re3
Ba8 22. Rae1 Rc7 23. R1e2 Rdc8 24. c4 Qd6 25. d5 b5 26. Ng4 Rxc4 27. Nxf6+ gxf6
28. Qh7+ Kf8 29. dxe6 fxe6 30. Rxe6 1-0

[Event "Chigorin Memorial Open"]
[Site "St Petersburg RUS"]
[Date "2011.10.20"]
[Round "7.76"]
[White "Harshkou, Mikita"]
[Black "Pershin, Denis"]
[Result "0-1"]
[WhiteElo "2248"]
[BlackElo "1984"]
[WhiteFideId "13504770"]
[BlackFideId "24165506"]
[EventDate "2011.10.14"]

1. d4 e6 2. Nf3 Nf6 3. Bg5 c5 4. c3 h6 5. Bxf6 Qxf6 6. e4 cxd4 7. cxd4 d5 8. e5
Qd8 9. Bd3 Nc6 10. O-O Be7 11. Nc3 a6 12. a3 b5 13. Rc1 Qb6 14. Bb1 Bd7 15. Ne2
Na5 16. Nf4 Nc4 17. Qe2 h5 18. Nd3 g5 19. Nc5 g4 20. Nd2 Nxb2 21. Nde4 Nc4 22.
Nf6+ Bxf6 23. exf6 Qd8 24. Rxc4 bxc4 25. Qe5 Rh6 26. Re1 Bc8 27. Bc2 Kf8 28. Rb1
Rxf6 29. Ba4 Rf5 30. Qg3 e5 31. dxe5 Qc7 32. Qe3 Qxe5 33. Qh6+ Kg8 34. Qd2 Rb8
35. Re1 Qf4 36. Qc2 Re5 37. Rd1 Bf5 38. Qc3 Re2 39. Rf1 Rb1 0-1

[Event "Chigorin Memorial Open"]
[Site "St Petersburg RUS"]
[Date "2011.10.20"]
[Round "7.77"]
[White "Basencyan, Mark"]
[Black "Usmanov, Vasily"]
[Result "0-1"]
[WhiteElo "2135"]
[BlackElo "2238"]
[WhiteFideId "13300725"]
[BlackFideId "4135741"]
[EventDate "2011.10.14"]

1. d4 Nf6 2. Nf3 g6 3. c4 Bg7 4. Nc3 O-O 5. e4 d6 6. h3 Nbd7 7. Be3 e5 8. d5 Qe7
9. Qc2 c5 10. g4 Ne8 11. Bd3 Nc7 12. a3 Nf6 13. Rg1 Kh8 14. O-O-O Bd7 15. b4
cxb4 16. axb4 b5 17. c5 a5 18. c6 axb4 19. Nxb5 Nxb5 20. Bxb5 Rfb8 21. Bc4 Bxc6
22. dxc6 d5 23. Bb3 Nxe4 24. Rxd5 Nc3 25. Rd7 Qf6 26. Ng5 Rf8 27. Rxf7 Qxc6 28.
Rxf8+ Rxf8 29. Kb2 e4 30. Ne6 Qa6 31. Kc1 Rc8 32. Nxg7 Ne2+ 33. Kd2 Rxc2+ 34.
Kxc2 0-1

[Event "Chigorin Memorial Open"]
[Site "St Petersburg RUS"]
[Date "2011.10.20"]
[Round "7.78"]
[White "Zakharov, Yuri"]
[Black "Kashlinskaya, Alina"]
[Result "0-1"]
[BlackTitle "WGM"]
[WhiteElo "1869"]
[BlackElo "2385"]
[WhiteFideId "4166620"]
[BlackFideId "4198026"]
[EventDate "2011.10.14"]

1. Nf3 g6 2. g3 Bg7 3. Bg2 d6 4. d4 Nf6 5. O-O O-O 6. c3 Nbd7 7. Bf4 Nh5 8. Bg5
h6 9. Bc1 e5 10. e4 Re8 11. Re1 c6 12. Nbd2 Qc7 13. Nb3 a5 14. a4 b6 15. Bd2 Ba6
16. Nh4 b5 17. axb5 Bxb5 18. Nf5 Kh7 19. Nxg7 Nxg7 20. Qc1 Bc4 21. Qc2 Qb6 22.
Nc1 Reb8 23. b4 axb4 24. Rxa8 Rxa8 25. cxb4 Bb5 26. dxe5 Nxe5 27. Be3 Qa6 28. f3
Ne6 29. h4 Qa3 30. Qb3 Qxb3 31. Nxb3 Nd3 32. Rb1 Nxb4 33. f4 Bd3 34. Rb2 Nc2 35.
Bc1 Ra4 36. f5 gxf5 37. exf5 Ned4 38. Nxd4 Nxd4 39. Bf4 Ne2+ 40. Rxe2 Bxe2 41.
Bxc6 Ra1+ 42. Kf2 Bc4 43. Ke3 Rd1 44. Be4 d5 45. Bc2 Re1+ 46. Kd2 Re2+ 47. Kc3
Kg7 48. Bd1 Re1 49. Kd2 Rf1 50. Be5+ f6 51. Bf4 d4 52. Bh5 Rf2+ 53. Ke1 Rh2 54.
Bf3 Ra2 55. Bd2 h5 56. Bf4 Bf7 57. Bd2 Kf8 58. Bb4+ Ke8 59. Bd2 Kd7 60. Bf4 Ra5
61. g4 Bd5 62. Be2 hxg4 63. Bd2 Ra1+ 64. Kf2 Ra2 65. Bb5+ Bc6 0-1

[Event "Chigorin Memorial Open"]
[Site "St Petersburg RUS"]
[Date "2011.10.20"]
[Round "7.79"]
[White "Pasiev, Rakhim"]
[Black "Pyatin, Alexander"]
[Result "0-1"]
[WhiteTitle "FM"]
[WhiteElo "2306"]
[BlackElo "2124"]
[WhiteFideId "24122475"]
[BlackFideId "24125920"]
[EventDate "2011.10.14"]

1. d4 Nf6 2. Nc3 d5 3. Bg5 e6 4. e4 dxe4 5. Nxe4 Be7 6. Bxf6 Bxf6 7. Nf3 b6 8.
Bd3 Bb7 9. Qe2 Nd7 10. O-O-O Qe7 11. Kb1 O-O-O 12. Ba6 Rhe8 13. Bxb7+ Kxb7 14.
Rd3 h6 15. Rhd1 g5 16. h3 Bg7 17. Ra3 Nb8 18. Rdd3 c6 19. Ra4 Ka8 20. Rda3 Rd7
21. Ned2 Rb7 22. Qe3 Qc7 23. g3 Bf8 24. Rd3 b5 25. Raa3 Bxa3 26. Rxa3 Nd7 27.
Rc3 Rbb8 28. Ne1 Nb6 29. Qf3 Rbc8 30. Nd3 Nd5 31. Rc5 f6 32. c4 bxc4 33. Nxc4 e5
34. dxe5 fxe5 35. Qe4 Nf6 36. Qe3 e4 37. Nb4 Qd8 38. Na5 Nd5 39. Nxd5 cxd5 40.
Qb3 Rb8 41. Qa4 Qb6 42. Qd4 Red8 43. a3 Rd6 44. b4 Rbd8 45. Kb2 a6 46. Kb3 Kb8
47. Qc3 d4 48. Qc4 d3 49. Qc1 d2 50. Qd1 Rd3+ 51. Kc2 Rc8 52. Nb3 Qe6 0-1

[Event "Chigorin Memorial Open"]
[Site "St Petersburg RUS"]
[Date "2011.10.20"]
[Round "7.81"]
[White "Tsydypov, Zhamsaran"]
[Black "Matsenko, Andrei"]
[Result "1-0"]
[WhiteElo "2288"]
[BlackElo "2116"]
[WhiteFideId "4108566"]
[BlackFideId "24146501"]
[EventDate "2011.10.14"]

1. e4 c5 2. Nf3 e6 3. d4 cxd4 4. Nxd4 Nf6 5. Bd3 Nc6 6. Nxc6 bxc6 7. O-O d5 8.
Nc3 Be7 9. e5 Nd7 10. Bf4 Nf8 11. Ne2 Ng6 12. Bg3 Qb6 13. b3 Ba6 14. h3 Rd8 15.
Kh1 c5 16. Bxa6 Qxa6 17. f4 O-O 18. f5 exf5 19. Rxf5 Qe6 20. Qd3 f6 21. exf6
Rxf6 22. Rxf6 Bxf6 23. Re1 c4 24. Qd1 Qa6 25. Nd4 Rc8 26. Nf5 Qc6 27. h4 cxb3
28. axb3 Qc5 29. h5 Nf8 30. Qg4 g6 31. Rf1 Rc6 32. h6 Qxc2 33. Nd4 Qd3 34. Rd1 1-0

[Event "Chigorin Memorial Open"]
[Site "St Petersburg RUS"]
[Date "2011.10.20"]
[Round "7.82"]
[White "Paravyan, David"]
[Black "Donskov, Anatoly"]
[Result "0-1"]
[WhiteElo "2192"]
[BlackElo "2286"]
[WhiteFideId "4194985"]
[BlackFideId "24143413"]
[EventDate "2011.10.14"]

1. d4 Nf6 2. c4 e6 3. Nf3 b6 4. a3 Bb7 5. Nc3 Be7 6. Qc2 d5 7. cxd5 exd5 8. Bf4
c6 9. e3 O-O 10. Bd3 Ba6 11. Bxa6 Nxa6 12. Ne5 Nb8 13. h3 Qc8 14. O-O Nbd7 15.
Rac1 Qb7 16. b4 Rac8 17. Rfd1 Rfe8 18. Qb3 b5 19. e4 Nb6 20. exd5 Nbxd5 21. Nxd5
cxd5 22. Nd3 Rc4 23. Nc5 Qc6 24. Qf3 Bf8 25. Rb1 Ne4 26. Rb3 a5 27. bxa5 Bxc5
28. dxc5 Nxc5 29. Re3 Ne6 30. Be5 d4 31. Qxc6 Rxc6 32. Bxd4 Rd8 33. Red3 Rcd6
34. a6 Rxa6 35. Bc5 Raa8 36. Bb4 Rxd3 37. Rxd3 Rd8 38. Rxd8+ Nxd8 39. Kf1 f5 40.
Ke2 Kf7 41. Ke3 Ne6 42. Bd6 Ke8 43. g4 g6 44. gxf5 gxf5 45. Kd3 Kd7 46. Bb8 Kc6
47. h4 h5 48. Kc3 Kd5 49. Kd3 Nf8 50. Bg3 Ne6 51. Bb8 Nd4 52. Bg3 Nc6 53. Bf4
Na5 54. Bc1 Nc4 55. Kc3 Kc5 56. Kd3 Ne5+ 57. Ke3 Kd5 58. f3 Ng6 59. Bb2 Kc4 60.
Bc1 Nxh4 61. Kf4 Kb3 62. Kg5 Nxf3+ 63. Kxh5 Ne1 64. Kg5 Nd3 65. Bd2 f4 66. Kg4
Kxa3 67. Kf3 b4 68. Ke4 b3 69. Bc3 Nb4 70. Bd4 Nd5 71. Kd3 Ka2 0-1

[Event "Chigorin Memorial Open"]
[Site "St Petersburg RUS"]
[Date "2011.10.20"]
[Round "7.83"]
[White "Vunder, Andrey"]
[Black "Korchagina, Viktoria"]
[Result "1/2-1/2"]
[BlackTitle "WFM"]
[WhiteElo "2282"]
[BlackElo "2109"]
[WhiteFideId "4128338"]
[BlackFideId "4197224"]
[EventDate "2011.10.14"]

1. d4 Nf6 2. Nf3 e6 3. Bg5 h6 4. Bh4 c5 5. e3 b6 6. Nbd2 Ba6 7. Bxa6 Nxa6 8. Ne4
Be7 9. Bxf6 Bxf6 10. Qe2 Nc7 11. dxc5 bxc5 12. Nd6+ Ke7 13. O-O-O Nd5 14. Nc4
Nb6 15. e4 Nxc4 16. Qxc4 Qc7 17. Rhe1 d6 18. Rd3 Rhb8 19. Rb3 a5 20. c3 Kf8 21.
Kc2 Rd8 22. Rb5 Rac8 23. Rd1 Be7 24. a4 Ra8 25. b3 Kg8 26. Qe2 Qc6 27. c4 Qc7
28. Qd3 Qc6 29. Qe2 Qc7 30. Qd3 Qc6 31. Qe2 Qc7 1/2-1/2

[Event "Chigorin Memorial Open"]
[Site "St Petersburg RUS"]
[Date "2011.10.20"]
[Round "7.84"]
[White "Turikov, Viktor"]
[Black "Emdin, Mark"]
[Result "0-1"]
[WhiteTitle "FM"]
[WhiteElo "2279"]
[BlackElo "2088"]
[WhiteFideId "4107810"]
[BlackFideId "4100050"]
[EventDate "2011.10.14"]

1. e4 e6 2. Nc3 d5 3. Nf3 Nf6 4. exd5 exd5 5. d4 c6 6. Bd3 Be7 7. O-O Bg4 8. h3
Bh5 9. Re1 O-O 10. g4 Bg6 11. Ne5 Bxd3 12. Qxd3 Nbd7 13. Bf4 Re8 14. Re2 Nxe5
15. dxe5 Nd7 16. Qg3 Nf8 17. Rd1 Bh4 18. Qh2 Ng6 19. Bc1 Qb6 20. Rde1 Re7 21.
Nd1 Rae8 22. c3 Qc7 23. Bf4 Nxf4 24. Qxf4 f6 25. Ne3 Qxe5 26. Qxe5 Rxe5 27. Kf1
Bg5 28. Nf5 Rxe2 29. Rxe2 Rxe2 30. Kxe2 Bf4 31. Kd3 Kf7 32. b3 Bc7 33. a4 g6 34.
Nh4 Ke6 35. Ng2 Bb6 36. f3 Ke5 37. f4+ Ke6 38. Nh4 Ke7 39. Nf3 c5 40. c4 Bc7 41.
Ke3 Ke6 42. Nh4 Bxf4+ 0-1

[Event "Chigorin Memorial Open"]
[Site "St Petersburg RUS"]
[Date "2011.10.20"]
[Round "7.85"]
[White "Butuc, Maria"]
[Black "Goikhman, Valentin"]
[Result "1/2-1/2"]
[WhiteTitle "WIM"]
[WhiteElo "2183"]
[BlackElo "2261"]
[WhiteFideId "13902911"]
[BlackFideId "2806800"]
[EventDate "2011.10.14"]

1. Nf3 Nf6 2. c4 g6 3. Nc3 Bg7 4. g3 d5 5. cxd5 Nxd5 6. d4 c5 7. Bg2 Nc6 8. Nxd5
Qxd5 9. O-O cxd4 10. e3 Qd8 11. Nxd4 Nxd4 12. exd4 Qxd4 13. Qe2 O-O 14. Qxe7 Be6
15. Be3 Qxb2 16. Rab1 Qxa2 17. Qxb7 a5 18. Qxa8 Rxa8 19. Bxa8 h5 20. Be4 Qc4 21.
Bg2 a4 22. Rfc1 Qd3 23. Bf1 Qe4 24. Bg2 Qf5 25. Rb8+ Kh7 26. Rb4 Qa5 27. Rb7 a3
28. Ra7 Qb4 29. Bc5 Qd2 30. Bxa3 Bd4 31. Rac7 Qxf2+ 32. Kh1 Qa2 33. Bc5 Bd5 34.
Rxf7+ Bxf7 35. Bxd4 Bd5 36. Rg1 g5 37. h3 Kg6 38. Bc3 Qc4 39. Bxd5 Qxd5+ 40. Kh2
Qf3 41. Bd4 h4 42. Rg2 g4 43. hxg4 Qe4 44. Bc3 Qd3 45. Be5 Qe4 1/2-1/2

[Event "Chigorin Memorial Open"]
[Site "St Petersburg RUS"]
[Date "2011.10.20"]
[Round "7.87"]
[White "Androsov, Sergey"]
[Black "Pashinsky, Mikhail"]
[Result "0-1"]
[WhiteElo "2088"]
[BlackElo "2228"]
[WhiteFideId "4102681"]
[BlackFideId "4152450"]
[EventDate "2011.10.14"]

1. e4 c5 2. Nf3 Nc6 3. d4 cxd4 4. Nxd4 Nf6 5. Nc3 e5 6. Ndb5 d6 7. Bg5 a6 8. Na3
b5 9. Nd5 Be7 10. Bxf6 Bxf6 11. c3 O-O 12. Nc2 Bg5 13. Nce3 Be6 14. h4 Bxe3 15.
Nxe3 Ne7 16. c4 Qb6 17. Nd5 Bxd5 18. cxd5 f5 19. Be2 fxe4 20. O-O e3 21. f3 Rf4
22. g3 Rd4 23. Qb3 Rd2 24. Rfe1 Rc8 25. Bd3 Qd4 26. Be4 e2+ 27. Kg2 Qxb2 28.
Qxb2 Rxb2 29. Kf2 Rc5 30. Rac1 Rd2 31. Rxc5 dxc5 32. Rxe2 Rxe2+ 33. Kxe2 Nc8 34.
Kd3 Nd6 35. Kc3 h6 36. Bd3 Kf7 37. g4 Ke7 38. Bc2 Nc8 39. a4 Nb6 40. axb5 axb5
41. Kd3 Kd6 42. Ke4 Nxd5 43. g5 c4 44. Kf5 Ne3+ 45. Kg6 Nxc2 46. Kxg7 Nd4 47.
Kf6 Ne6 0-1

[Event "Chigorin Memorial Open"]
[Site "St Petersburg RUS"]
[Date "2011.10.20"]
[Round "7.88"]
[White "Zakharchenko, Arnold"]
[Black "Aminov, Andrey"]
[Result "1-0"]
[WhiteTitle "IM"]
[WhiteElo "2225"]
[BlackElo "2029"]
[WhiteFideId "14103745"]
[BlackFideId "24162728"]
[EventDate "2011.10.14"]

1. d4 Nf6 2. c4 g6 3. Nc3 Bg7 4. e4 d6 5. f3 O-O 6. Be3 c5 7. dxc5 dxc5 8. Qxd8
Rxd8 9. Bxc5 Nc6 10. Nd5 Nd7 11. Bxe7 Nxe7 12. Nxe7+ Kf8 13. Nd5 Bxb2 14. Rb1
Bg7 15. Be2 b6 16. Nh3 h6 17. Nf2 Nc5 18. O-O Ba6 19. Rfc1 Rac8 20. Kf1 f5 21.
exf5 gxf5 22. Nd1 Bd4 23. N1e3 Nd3 24. Bxd3 Bxe3 25. Nxe3 Rxd3 26. Nxf5 Rxc4 27.
Rxc4 Bxc4 28. Ke1 Bxa2 29. Rb2 Be6 30. Nxh6 Rd6 31. Ng4 a5 32. Ne3 a4 33. Rd2
Rc6 34. Rd8+ Ke7 35. Ra8 b5 36. h4 Rc7 37. h5 Bb3 38. g4 Kf7 39. f4 b4 40. h6
Kg6 41. Ra6+ Kh7 42. g5 a3 43. Ng4 Re7+ 44. Kf2 Re2+ 45. Kxe2 Bc4+ 46. Ke3 Bxa6
47. f5 Kg8 48. Nf6+ Kf7 49. g6+ Kxf6 50. h7 Kg7 51. f6+ Kh8 1-0

[Event "Chigorin Memorial Open"]
[Site "St Petersburg RUS"]
[Date "2011.10.20"]
[Round "7.89"]
[White "Nedostup, Daniil"]
[Black "Bondarenko, Alexander"]
[Result "1/2-1/2"]
[BlackTitle "FM"]
[WhiteElo "2075"]
[BlackElo "2224"]
[WhiteFideId "24121576"]
[BlackFideId "14126109"]
[EventDate "2011.10.14"]

1. e4 c5 2. Nc3 d6 3. g3 e6 4. Bg2 Nc6 5. d3 g6 6. Be3 Bg7 7. Qd2 a6 8. Nge2 Nd4
9. Nf4 Ne7 10. h4 h5 11. Nd1 e5 12. Nh3 Bxh3 13. Rxh3 Qd7 14. Kf1 O-O 15. c3
Ndc6 16. Kg1 Kh7 17. f4 f5 18. Nf2 Rad8 19. Rh2 b6 20. Qe2 d5 21. Rd1 d4 22. Bd2
Rde8 23. Nh3 dxc3 24. bxc3 Rd8 25. exf5 Nxf5 26. g4 Ng3 27. Qf3 Qxd3 28. Qxd3
Rxd3 29. Bxc6 hxg4 30. Ng5+ Kg8 31. c4 exf4 32. Bd5+ Kh8 33. Nf7+ Rxf7 34. Bxf7
Bd4+ 35. Kg2 Kg7 36. Bd5 Ne2 37. Kf1 Ng3+ 38. Ke1 Be3 39. Bc1 Rxd1+ 40. Kxd1 Nf5
41. Bb2+ Kh6 42. Bf6 f3 43. Rb2 b5 44. cxb5 axb5 45. Rxb5 Bf4 46. Bg5+ Bxg5 47.
hxg5+ Kxg5 48. Rxc5 Kf4 49. a4 g3 50. Bxf3 Kxf3 51. Rc3+ Kf2 52. Rc2+ Kf1 53.
Kd2 g2 54. Kd3 g1=Q 55. Rc1+ Kf2 56. Rxg1 Kxg1 57. a5 Nd6 58. a6 Nc8 1/2-1/2

[Event "Chigorin Memorial Open"]
[Site "St Petersburg RUS"]
[Date "2011.10.20"]
[Round "7.90"]
[White "Martynov, Pavel2"]
[Black "Yakovlev, Yuri S."]
[Result "0-1"]
[WhiteElo "2223"]
[BlackElo "2029"]
[WhiteFideId "4122186"]
[BlackFideId "4173929"]
[EventDate "2011.10.14"]

1. e4 c5 2. Nf3 e6 3. d4 cxd4 4. Nxd4 a6 5. c4 b6 6. Nc3 Bb7 7. Be3 Bb4 8. f3
Ne7 9. Rc1 O-O 10. Be2 f5 11. exf5 e5 12. Nc2 Nxf5 13. Bf2 Bc5 14. O-O Qg5 15.
Bxc5 bxc5 16. Ne4 Qe7 17. Qd3 d6 18. Rcd1 Nd4 19. Nxd4 exd4 20. Ng3 Nd7 21. f4
Rae8 22. Bf3 Bxf3 23. Rxf3 Qh4 24. Rdf1 Qe7 25. h3 g6 26. Kh2 Nf6 27. b4 Qb7 28.
Rb1 Qa8 29. Qa3 Ne4 30. Nxe4 Rxe4 31. bxc5 dxc5 32. Qxc5 Re2 33. Kg3 Qe4 34. Qc7
Qxb1 0-1

[Event "Chigorin Memorial Open"]
[Site "St Petersburg RUS"]
[Date "2011.10.20"]
[Round "7.91"]
[White "Karaseva, Janna"]
[Black "Prikhodko, Anton"]
[Result "1-0"]
[WhiteElo "2030"]
[BlackElo "2214"]
[WhiteFideId "4132548"]
[BlackFideId "24115150"]
[EventDate "2011.10.14"]

1. c4 e6 2. Nf3 d5 3. b3 c5 4. g3 Nc6 5. Bg2 Nf6 6. O-O Be7 7. cxd5 exd5 8. d4
O-O 9. Bb2 Bg4 10. dxc5 Bxc5 11. Nc3 a6 12. Rc1 Ba7 13. h3 Be6 14. e3 Qd7 15.
Kh2 Rad8 16. Ne2 Ne4 17. Nfd4 Nxd4 18. Bxd4 Bb8 19. Nf4 f5 20. Qe2 Rf7 21. Nd3
Qe7 22. f4 Bd7 23. a4 Qe6 24. Ne5 Re7 25. Rfd1 h6 26. Bf3 Kh7 27. Rg1 Bxe5 28.
Bxe5 Qf7 29. Qb2 Rde8 30. Rc7 Bc6 31. Rxe7 Rxe7 32. Qd4 Bd7 33. g4 fxg4 34. hxg4
Bc6 35. Kg2 Qe6 36. Rh1 Rf7 37. Qd3 Kg8 38. Qd4 Re7 39. Rd1 Rd7 40. Rh1 Rf7 41.
Rd1 Rd7 42. Rh1 Qe7 43. Rh5 Nc5 44. Qc3 Ne4 45. Qd4 Qf8 46. Rh1 Qa3 47. Rb1 Rf7
48. Bxe4 dxe4 49. Qd8+ Kh7 50. Bd4 Rd7 51. Qb6 Qa2+ 52. Rb2 Qa1 53. Qc5 Rd5 54.
Qc2 Rd7 55. Rb1 Qa3 56. Bc5 Rd2+ 57. Qxd2 Qxc5 58. Rc1 Qe7 59. Kg3 Qe6 60. Rc3
Bd7 61. Qd1 Bc6 62. Rc5 Qe7 63. Qd4 Qe6 64. Rc3 Qg6 65. Qe5 Qf7 66. Qf5+ Qxf5
67. gxf5 Kg8 68. Kg4 Kf7 69. Rc5 Kf6 70. Re5 Kf7 71. Kh5 Kf6 72. Rc5 Be8+ 73.
Kg4 Bc6 74. Re5 Kf7 75. b4 Bd7 76. Rxe4 g6 77. Rd4 gxf5+ 78. Kh5 Bxa4 79. Kxh6
Kf6 80. Rd8 Bc2 81. Rf8+ Ke6 82. Kg6 Be4 83. Rf6+ Kd5 84. Kg5 b5 85. Rxa6 Kc4
86. Re6 Bd3 87. Rd6 Bb1 88. Rd4+ Kc3 89. Kf6 Bc2 90. Ke5 Bb1 91. Kd6 Bc2 92. Kc5
Bd3 93. Kd5 Bc2 94. Ke5 Bb1 95. Kd5 Bc2 96. Kc5 Bd3 97. Rd6 Be2 98. Rd5 Bd3 99.
Rxd3+ Kxd3 100. Kxb5 Kxe3 101. Kc5 Kxf4 102. b5 Kg3 103. b6 f4 104. b7 f3 105.
b8=Q+ Kg2 106. Qg8+ Kh2 107. Qh7+ Kg1 108. Qg6+ Kh2 109. Qh5+ Kg2 110. Qg4+ Kf2
111. Kd4 1-0

[Event "Chigorin Memorial Open"]
[Site "St Petersburg RUS"]
[Date "2011.10.20"]
[Round "7.93"]
[White "Sukhareva, Evgeniya"]
[Black "Lysenko, Maria"]
[Result "1-0"]
[WhiteElo "2213"]
[BlackElo "2019"]
[WhiteFideId "4167155"]
[BlackFideId "24122084"]
[EventDate "2011.10.14"]

1. d4 Nf6 2. c4 e6 3. a3 b6 4. Nf3 Bb7 5. Nc3 Be7 6. d5 d6 7. g3 Nbd7 8. Bg2 Ne5
9. Nd4 O-O 10. b3 Rc8 11. O-O c5 12. Nc2 exd5 13. cxd5 a6 14. a4 Ne8 15. Rb1 Nc7
16. Bh3 Rb8 17. Bg2 Rc8 18. Bb2 b5 19. Ne3 g6 20. Ne4 Nd7 21. Qd2 b4 22. Nc4
Bxd5 23. Qh6 f6 24. Ng5 Rf7 25. Bxd5 Nxd5 26. Nxf7 1-0

[Event "Chigorin Memorial Open"]
[Site "St Petersburg RUS"]
[Date "2011.10.20"]
[Round "7.94"]
[White "Chehlov, Aleksander"]
[Black "Andreeva, Yulia"]
[Result "1/2-1/2"]
[WhiteTitle "FM"]
[WhiteElo "2211"]
[BlackElo "1940"]
[WhiteFideId "11600632"]
[BlackFideId "4108302"]
[EventDate "2011.10.14"]

1. e4 c5 2. Nf3 d6 3. c3 Nf6 4. Be2 e6 5. O-O Be7 6. Re1 O-O 7. Bf1 b6 8. d4 Bb7
9. Bd3 Nbd7 10. Nbd2 a6 11. Nf1 b5 12. Ng3 c4 13. Bc2 Re8 14. h3 Nf8 15. Be3
N6d7 16. Qd2 Ng6 17. Rad1 Qc7 18. Bb1 Rad8 19. Bg5 Bxg5 20. Qxg5 Ndf8 21. h4 Qe7
22. Qg4 Qf6 23. Nh5 Qe7 24. Qg3 e5 25. Nxg7 Kxg7 26. h5 Nd7 27. hxg6 hxg6 28.
Nh4 Qf6 29. dxe5 Nxe5 30. Nf5+ Kf8 31. Nd4 Nd7 32. f4 Nc5 33. e5 dxe5 34. fxe5
Qb6 35. Qh4 Rd5 36. Qh8+ Ke7 37. Qg7 Ne6 38. Qf6+ Kd7 39. Qxf7+ Re7 40. Qf2 Kc7
41. Be4 Rdd7 42. Bxb7 Kxb7 43. Qf3+ Kc7 44. Qe3 Nc5 45. Rf1 Nd3 46. e6 Rxd4 47.
cxd4 Qxe6 48. Qg3+ Kd7 49. Rd2 Qe4 50. Qh3+ Kc7 51. Qg3+ Kd7 52. Qh3+ Kc7 1/2-1/2

[Event "Chigorin Memorial Open"]
[Site "St Petersburg RUS"]
[Date "2011.10.20"]
[Round "7.96"]
[White "Nasybullina, Alfia"]
[Black "Menkov, Aleksandr"]
[Result "0-1"]
[WhiteElo "1978"]
[BlackElo "2152"]
[WhiteFideId "4132416"]
[BlackFideId "24160326"]
[EventDate "2011.10.14"]

1. d4 Nf6 2. c4 e6 3. Nf3 b6 4. g3 Ba6 5. Qb3 c5 6. Bg2 Nc6 7. O-O cxd4 8. Rd1
Bc5 9. Na3 O-O 10. Nb5 e5 11. Qa4 Qc8 12. b4 Be7 13. Nxe5 Nxe5 14. Bxa8 Qxa8 15.
Qxa6 d3 16. Nd4 dxe2 17. Re1 Bxb4 18. Rxe2 Bc3 19. Bf4 Bxa1 20. Bxe5 Ng4 21. Re1
Bc3 22. Rc1 Nxe5 23. Rxc3 Qe4 24. Nb5 Nf3+ 25. Kg2 Nd4+ 26. Kh3 Ne2 27. Re3 Ng1# 0-1

[Event "Chigorin Memorial Open"]
[Site "St Petersburg RUS"]
[Date "2011.10.20"]
[Round "7.97"]
[White "Shmoilov, Dmitry"]
[Black "Solovjov, Sergey I."]
[Result "1/2-1/2"]
[BlackTitle "IM"]
[WhiteElo "1998"]
[BlackElo "2398"]
[WhiteFideId "24160342"]
[BlackFideId "4122780"]
[EventDate "2011.10.14"]

1. d4 Nf6 2. c4 g6 3. Nc3 Bg7 4. e4 d6 5. f4 O-O 6. Nf3 c5 7. d5 b5 8. cxb5 a6
9. a4 e6 10. Be2 exd5 11. e5 dxe5 12. fxe5 Ng4 13. Qxd5 Qxd5 14. Nxd5 axb5 15.
Bxb5 Bb7 16. Nb6 Ra7 17. Nc4 Bxf3 18. gxf3 Nxe5 19. Nxe5 Bxe5 20. Be3 Bxb2 21.
Bxc5 Rc7 22. Bxf8 Bxa1 23. Ke2 Be5 24. Bh6 Nc6 25. Be3 Nb4 26. f4 Rc2+ 27. Kf3
Bc7 28. Rc1 Kg7 29. Rxc2 Nxc2 30. Bc5 f5 31. h3 h5 32. Be3 Kf6 33. Be8 Ba5 34.
Bf2 Bc7 35. Bh4+ Kg7 36. Bf2 Kh6 37. Be3 h4 38. Bf2 Kh5 39. Be3 Ba5 40. Bf2 Na3
41. Bf7 Nb1 42. Be3 Nc3 43. Be8 Ne4 44. Bc6 Nd6 45. Bd5 Nc8 1/2-1/2